Sanat - "Mombasa" - Taiska - Statistics

Yleistilastot
  • Tätä visaa on pelattu 279 kertaa
  • Keskiarvotulos 85 / 136
Vastaustilastot
Sanat % Oikein
Mombasa
100%
Ja
97%
ja
97%
Mombasaan
94%
vain
93%
Jäi
92%
elämää
89%
jää
89%
päivä
88%
minä
85%
tunsin
83%
Mombasan
81%
sen
80%
nyt
78%
meren,
76%
meren
76%
elämään
75%
Afrikan
72%
kosteaa.
70%
taivaan
70%
näin
63%
63%
63%
Kuumankostean
59%
Koskin
58%
pintaa
58%
simpukkaa
58%
sinisen
56%
karheaa
55%
55%
kuin
53%
aallot
52%
koralliin
51%
niin
51%
Niin
51%
sinun
50%
löi
47%
yllättäin
47%
takaa
46%
rantaan
45%
ensin
43%
hahmos
43%
jylisten
43%
nauraen
43%
vartaloas
42%
Kun
41%
nousit
39%
Pärskeen
35%
leopardin
34%
huudon
33%
simpukan,
33%
Kuulin
31%
yö,
31%
hymyillen
30%
olit
30%
unessain
30%
jäin,
29%
saapui
29%
katsoit
28%
ojensit
28%
sua
28%
sylissäin,
28%
vahva
28%
aaltoihin
27%
tuuli
27%
vaahto
27%
kevyt
26%
ui
26%
vaahdonvalkoisen
25%
kannoit
24%
kosketin
24%
uudestaan
24%
alle
23%
lannistui
23%
Tyrskyn
23%
kasvoihin,
22%
lahdelmaan
22%
tyrskyt
22%
lämmin
21%
suolanmakuinen.
21%
käsissäs
16%
polttaen
15%
Ehtoja vastaavia visoja ei löytynyt
Tulosjakauma
Jokaisen tuloksen saaneiden osuus
Persentiili vastausten määrän mukaan
Tuloshistoriasi
Et ole pelannut tätä visaa